000 00755nam a22002057a 4500
005 20240530110447.0
008 150428s2007 ua g 000 0dara d
017 _a 2007/13868
_bالهيئة المصرية العامة للكتاب ،
020 _a977419747x
040 _aEG-CaGPL
082 0 4 _221
_a810.96/
_bح غ
100 0 _aحامد ابو احمد
245 1 0 _aغرناطة فى ذاكرة النص /
_cحامد ابو احمد
260 _aالقاهرة :
_bالهيئة المصرية العامة للكتاب ،
_c2007 .
300 _a316 ص ؛
_c24 سم .
650 0 4 _aالادب العربى
_xتاريخ
650 0 4 _aالادب العربى
_zالاندلس
942 _2ddc
_cBK
999 _c61166
_d61166